000 00920nam a2200229 a 4500
001 BRCA_2194
005 20190320203717.0
008 801218s1979 mx-a---##b---f001-0#spa-#
040 _aDLC
_cDLC
_dDLC
050 4 _aN6553
_b.T68 1979
100 1 _aTovar de Teresa, Guillermo
_d1956-
_9559
245 1 0 _aPintura y escultura del renacimiento en México
_cGuillermo Tovar de Teresa ; prólogo de Diego Angulo Iñiguez.
260 _aMéxico
_bINAH
_c1979
300 _a570 p.
_bil. (algunas a color)
_c32 cm.
500 _aIncluye relación de documentos citados, índice analítico, índice de ilustraciones, índice onomástico, índice toponimico, índice onomástico de personas y lugares
504 _aBibliografía : p. 529-533
650 1 4 _aArte mexicano
_92321
650 1 4 _aArte renacentista
_zMéxico
_96614
650 1 4 _aArte colonial
_zMéxico
_96615
700 1 _aAngulo Iñiguez, Diego
_94279
942 _2lcc
_cB
999 _c1950
_d1950